Päťstokorunová bankovka vzoru 2000

Vydanie päťstokorunovej bankovky vzoru 2000, na ktorej boli v súlade s rozhodnutím Bankovej rady NBS uskutočnené zmeny zabezpečujúce zvýšenie úrovne jej ochrany proti falšovaniu.

Enregistré dans:
Détails bibliographiques
Auteur principal: Fröhlich, Štefan
Format: Chapitre de livre
Langue:slovaque
Sujets:
Tags: Ajouter un tag
Pas de tags, Soyez le premier à ajouter un tag!

MARC

LEADER 00000naa a2200000 4500
001 r040032
005 20220729111012.5
041 0 |a slo 
044 |a SK 
245 1 0 |a Päťstokorunová bankovka vzoru 2000  |c Štefan Fröhlich 
520 |a Vydanie päťstokorunovej bankovky vzoru 2000, na ktorej boli v súlade s rozhodnutím Bankovej rady NBS uskutočnené zmeny zabezpečujúce zvýšenie úrovne jej ochrany proti falšovaniu. 
610 2 0 |a bankovky 
610 2 0 |a ochrana dát 
610 2 0 |a Slovensko 
610 2 0 |a NBS Bratislava 
610 2 0 |a 2000 
610 2 0 |a falzifikáty 
100 1 |a Fröhlich, Štefan